[Event "Dvorkovich Memorial op"]
[Site "Taganrog"]
[Date "2019.01.10"]
[Round "1"]
[White "Erimov, Daniil"]
[Black "Zakharov, Alexander"]
[Result "1/2-1/2"]
[WhiteElo "1435"]
[BlackElo "2268"]
[PlyCount "70"]
[EventDate "2019.01.10"]
[EventType "swiss"]
[EventRounds "9"]
[EventCountry "RUS"]
[SourceTitle "CBM 188 Extra"]
[Source "ChessBase"]
[SourceDate "2019.02.26"]
[SourceVersion "1"]
[SourceVersionDate "2019.02.26"]
[SourceQuality "1"]

1. d4 Nf6 2. Bf4 d6 3. e3 g6 4. Nf3 Bg7 5. c4 Nh5 6. Bg5 h6 7. Bh4 g5 8. Nfd2 Nf6 9. Bg3 c5 10. Nc3 cxd4 11. exd4 Bf5 12. Be2 Nc6 13. Nb3 e5 14. dxe5 dxe5 15. Nb5 Ne4 16. Bf3 Nxg3 17. hxg3 Qxd1+ 18. Rxd1 0-0 19. Nd6 Bc2 20. Rd2 Bxb3 21. axb3 Nd4 22. Nxb7 e4 23. Be2 Rab8 24. Nc5 Nxb3 25. Nxb3 Rxb3 26. Rd7 Rxb2 27. Rh3 Rb1+ 28. Kd2 Rfb8 29. Bd1 Ra1 30. Ke3 Ra3+ 31. Kxe4 Re8+ 32. Kf5 Re5+ 33. Kg4 Re4+ 34. f4 Rxc4 35. Bb3 Rb4 1/2-1/2

[Event "Dvorkovich Memorial op"]
[Site "Taganrog"]
[Date "2018.01.21"]
[Round "7"]
[White "Zakharov, Alexander"]
[Black "Balashov, Yuri S"]
[Result "0-1"]
[WhiteElo "2281"]
[BlackElo "2434"]
[PlyCount "111"]
[EventDate "2018.01.15"]
[EventType "swiss"]
[EventRounds "9"]
[EventCountry "RUS"]
[SourceTitle "CBM 182 Extra"]
[Source "ChessBase"]
[SourceDate "2018.02.23"]
[SourceVersion "1"]
[SourceVersionDate "2018.02.23"]
[SourceQuality "1"]

1. d4 Nf6 2. Nf3 e6 3. Bg5 h6 4. Bxf6 Qxf6 5. e4 d6 6. Nc3 Nd7 7. Qe2 Qd8 8. g3 Be7 9. Bg2 a6 10. 0-0 0-0 11. a3 c6 12. Rfe1 e5 13. Rad1 Qc7 14. h3 Nf6 15. Qe3 Re8 16. dxe5 dxe5 17. Nh4 Bf8 18. Na4 Nd7 19. c4 b5 20. cxb5 axb5 21. Nc3 Nb6 22. Bf1 Be6 23. Nf3 Nc4 24. Bxc4 Bxc4 25. Rc1 Qa7 26. Qxa7 Rxa7 27. Red1 g6 28. Kg2 f6 29. Nb1 Rc8 30. Nbd2 Be6 31. Nf1 Ra4 32. N1d2 h5 33. Rc3 c5 34. Rdc1 Rd8 35. Nb3 c4 36. Na1 Bh6 37. Re1 b4 38. axb4 Rxb4 39. Rb1 Rdb8 40. Nc2 Rxb2 41. Rxb2 Rxb2 42. Ne3 Rb3 43. Nd1 Kf8 44. Ng1 f5 45. exf5 gxf5 46. Ne2 Bd5+ 47. f3 Bd2 48. Rxb3 cxb3 49. Kf2 Bc4 50. f4 e4 51. Nd4 e3+ 52. Kf3 Bc1 53. Nc3 b2 54. Nxf5 e2 55. Kf2 Bd2 56. Kf3 0-1

[Event "Dvorkovich Memorial op"]
[Site "Taganrog"]
[Date "2018.01.20"]
[Round "6"]
[White "Koliev, Irlan"]
[Black "Zakharov, Alexander"]
[Result "0-1"]
[WhiteElo "1755"]
[BlackElo "2281"]
[PlyCount "88"]
[EventDate "2018.01.15"]
[EventType "swiss"]
[EventRounds "9"]
[EventCountry "RUS"]
[SourceTitle "CBM 182 Extra"]
[Source "ChessBase"]
[SourceDate "2018.02.23"]
[SourceVersion "1"]
[SourceVersionDate "2018.02.23"]
[SourceQuality "1"]

1. d4 Nf6 2. c4 e6 3. g3 c5 4. d5 exd5 5. cxd5 d6 6. Bg2 b5 7. Nf3 Nbd7 8. 0-0 Be7 9. Re1 0-0 10. e4 Ne8 11. Qc2 Bb7 12. Bf4 Rc8 13. h4 Bf6 14. Bh3 Rb8 15. Nc3 Bc8 16. Bxd7 Bxc3 17. bxc3 Qxd7 18. Rad1 f6 19. Nh2 Nc7 20. Nf1 h6 21. Nh2 a5 22. g4 Na8 23. Qd3 Nb6 24. Qg3 Nc4 25. Kh1 g5 26. hxg5 fxg5 27. Bc1 Qf7 28. Rf1 Qg6 29. Rde1 Rb7 30. f4 gxf4 31. Bxf4 Rbf7 32. g5 hxg5 33. Qxg5 Qxg5 34. Bxg5 Rxf1+ 35. Rxf1 Re8 36. Rf4 Nd2 37. Ng4 Bxg4 38. Rxg4 Rxe4 39. Rg3 Re1+ 40. Kg2 Re2+ 41. Kg1 Ne4 42. Rg4 Nxg5 43. Rxg5+ Kf7 44. a3 Ra2 0-1

[Event "Dvorkovich Memorial op"]
[Site "Taganrog"]
[Date "2017.01.15"]
[Round "3"]
[White "Matjushin, Gennady"]
[Black "Zakharov, Alexander"]
[Result "1-0"]
[WhiteElo "2419"]
[BlackElo "2304"]
[PlyCount "92"]
[EventDate "2017.01.13"]
[EventType "swiss"]
[EventRounds "9"]
[EventCountry "RUS"]
[SourceTitle "CBM 176 Extra"]
[Source "ChessBase"]
[SourceDate "2017.03.02"]
[SourceVersion "1"]
[SourceVersionDate "2017.03.02"]
[SourceQuality "1"]

1. Nf3 c5 2. c4 Nc6 3. Nc3 e5 4. g3 g6 5. Bg2 Bg7 6. d3 Nge7 7. Bg5 f6 8. Bd2 d6 9. 0-0 Bg4 10. a3 Qd7 11. Rb1 Bh3 12. b4 Bxg2 13. Kxg2 0-0 14. Ne1 f5 15. Bg5 b6 16. b5 Nd4 17. Bxe7 Qxe7 18. Nc2 Ne6 19. Ne3 Qg5 20. Ned5 Rae8 21. Kh1 h5 22. Rg1 Qg4 23. f3 Qg5 24. e3 Qd8 25. Qe2 Kh7 26. Rbf1 Bh6 27. Qg2 Rf7 28. h3 Ref8 29. a4 Rg7 30. Kh2 Bg5 31. f4 Bh6 32. fxe5 dxe5 33. g4 hxg4 34. hxg4 Qh4+ 35. Qh3 Qxh3+ 36. Kxh3 Rgf7 37. Kg2 Ng5 38. Rh1 Kg7 39. Rh4 fxg4 40. Rxf7+ Rxf7 41. Rxg4 Nf3 42. Ne4 Ne1+ 43. Kg1 Nxd3 44. Rg2 Nb4 45. Nec3 Rf3 46. Re2 Nd3 1-0

[Event "Bratsk-ch"]
[Site "Bratsk"]
[Date "2016.03.16"]
[Round "7"]
[White "Fevraljov, Alexander"]
[Black "Zakharov, Alexander"]
[Result "1-0"]
[WhiteElo "1964"]
[BlackElo "2062"]
[PlyCount "117"]
[EventDate "2016.03.10"]
[EventType "tourn"]
[EventRounds "11"]
[EventCountry "RUS"]
[SourceTitle "CBM 171 Extra"]
[Source "ChessBase"]
[SourceDate "2016.04.26"]
[SourceVersion "1"]
[SourceVersionDate "2016.04.26"]
[SourceQuality "1"]

1. c4 c5 2. Nf3 Nf6 3. Nc3 d5 4. cxd5 Nxd5 5. e3 Nc6 6. d4 cxd4 7. exd4 e6 8. a3 Be7 9. Bc4 0-0 10. 0-0 Nxc3 11. bxc3 Bf6 12. Re1 Qc7 13. Bd3 Rd8 14. Qc2 h6 15. Qe2 Ne7 16. Bd2 Bd7 17. Qe4 Ng6 18. Qg4 e5 19. Qg3 Nf4 20. Nxe5 Nxd3 21. Qxd3 Be6 22. Qg3 Rac8 23. Ng4 Bxg4 24. Qxg4 Qa5 25. Qd1 Rc4 26. Qb3 b5 27. Re2 a6 28. h3 Rdc8 29. Rae1 Kh7 30. Qb1+ g6 31. Qb3 R8c7 32. g3 Kg7 33. Bf4 Rc8 34. Bd2 R8c7 35. h4 Rd7 36. Rd1 Be7 37. Ra1 Ra4 38. h5 Rxa3 39. Rxa3 Qxa3 40. Bxh6+ Kxh6 41. Qxf7 Qc1+ 42. Kg2 Qg5 43. Re5 Qf6 44. Qe8 Rc7 45. hxg6 Kg7 46. Qa8 Qxg6 47. Qd5 Bf6 48. Re6 Rxc3 49. Rxa6 Qg5 50. Qd7+ Be7 51. Re6 Kf7 52. Re5 Qf6 53. Rf5 b4 54. Qd5+ Kg7 55. Rxf6 Kxf6 56. Qe5+ Kf7 57. d5 Bf6 58. Qe6+ Kg6 59. d6 1-0

[Event "Bratsk-ch"]
[Site "Bratsk"]
[Date "2016.03.15"]
[Round "6"]
[White "Zakharov, Alexander"]
[Black "Gobzhila, Evgeny"]
[Result "0-1"]
[WhiteElo "2062"]
[BlackElo "2204"]
[PlyCount "67"]
[EventDate "2016.03.10"]
[EventType "tourn"]
[EventRounds "11"]
[EventCountry "RUS"]
[SourceTitle "CBM 171 Extra"]
[Source "ChessBase"]
[SourceDate "2016.04.26"]
[SourceVersion "1"]
[SourceVersionDate "2016.04.26"]
[SourceQuality "1"]

1. c4 c6 2. Nc3 d5 3. e3 Nf6 4. Nf3 e6 5. d4 Nbd7 6. cxd5 exd5 7. Bd3 Bd6 8. 0-0 0-0 9. Qc2 Re8 10. Re1 h6 11. h3 Nf8 12. Bd2 Be6 13. e4 dxe4 14. Nxe4 Nxe4 15. Bxe4 Bc7 16. Rad1 Bd5 17. a3 Bxe4 18. Rxe4 Qd5 19. Rde1 Rxe4 20. Rxe4 Ne6 21. Bc3 Rd8 22. Qe2 Qf5 23. Qe3 Bf4 24. g4 Qf6 25. Qe2 Rd5 26. Qe1 h5 27. Kg2 hxg4 28. hxg4 Qg6 29. Nh2 Rh5 30. Nf1 Qxg4+ 31. Ng3 Qh3+ 32. Kf3 Bxg3 33. fxg3 Ng5+ 34. Kf2 0-1

[Event "Bratsk-ch"]
[Site "Bratsk"]
[Date "2016.03.14"]
[Round "5"]
[White "Shvidko, Egor"]
[Black "Zakharov, Alexander"]
[Result "0-1"]
[WhiteElo "2062"]
[BlackElo "2062"]
[PlyCount "98"]
[EventDate "2016.03.10"]
[EventType "tourn"]
[EventRounds "11"]
[EventCountry "RUS"]
[SourceTitle "CBM 171 Extra"]
[Source "ChessBase"]
[SourceDate "2016.04.26"]
[SourceVersion "1"]
[SourceVersionDate "2016.04.26"]
[SourceQuality "1"]

1. e4 c5 2. Nf3 Nc6 3. d4 cxd4 4. Nxd4 Nf6 5. Nc3 e6 6. Be3 Bb4 7. Bd3 d5 8. exd5 Nxd5 9. Nxc6 bxc6 10. Bd2 Nxc3 11. bxc3 Bd6 12. Qf3 Qc7 13. h4 0-0 14. Qh5 f5 15. 0-0 Bh2+ 16. Kh1 Bf4 17. Rad1 Bxd2 18. Rxd2 Qe5 19. c4 Qf4 20. Re2 g6 21. Qg5 Qxg5 22. hxg5 Rb8 23. c3 Rd8 24. Rd1 Kf7 25. Red2 Ba6 26. f4 Ke7 27. Kg1 Rd7 28. Kf2 Rbd8 29. Ke3 c5 30. Rh1 Kf8 31. Rhd1 Kg7 32. Be2 Rxd2 33. Rxd2 Rxd2 34. Kxd2 Bb7 35. g4 Be4 36. gxf5 exf5 37. Ke3 h5 38. gxh6+ Kxh6 39. Bf1 g5 40. fxg5+ Kxg5 41. Be2 Bb1 42. a3 f4+ 43. Kf2 Kf5 44. Kf3 Be4+ 45. Kf2 Ke5 46. Bf1 Bg6 47. Ke1 Ke4 48. Kf2 Bh5 49. a4 a5 0-1

[Event "Dvorkovich Memorial op"]
[Site "Taganrog"]
[Date "2016.01.23"]
[Round "6.17"]
[White "Zakharov, Alexander"]
[Black "Golubov, Saveliy"]
[Result "0-1"]
[WhiteElo "2321"]
[BlackElo "2469"]
[PlyCount "54"]
[EventDate "2016.01.18"]
[EventType "swiss"]
[EventRounds "9"]
[EventCountry "RUS"]
[SourceTitle "EXT 2018"]
[Source "ChessBase"]
[SourceDate "2017.10.13"]
[SourceVersion "1"]
[SourceVersionDate "2017.10.13"]
[SourceQuality "1"]

1. e4 c5 2. Nf3 e6 3. Nc3 a6 4. Be2 b5 5. d4 cxd4 6. Nxd4 Bb7 7. Bf3 Qc7 8. 0-0 d6 9. a4 b4 10. Na2 Nf6 11. Re1 e5 12. Nf5 g6 13. Bg5 Nbd7 14. Ne3 Qc5 15. c3 bxc3 16. Nxc3 h6 17. Bxf6 Nxf6 18. Rc1 Qa5 19. b4 Qxb4 20. Ncd5 Nxd5 21. Nxd5 Bxd5 22. Qxd5 Rb8 23. Qc6+ Ke7 24. Be2 Kf6 25. Bxa6 Be7 26. Bb5 Rhc8 27. Qd5 Rc5 0-1

[Event "Dvorkovich Memorial op"]
[Site "Taganrog"]
[Date "2015.01.20"]
[Round "3"]
[White "Zakharov, Alexander"]
[Black "Krotkiy, Valentin"]
[Result "1-0"]
[WhiteElo "2338"]
[BlackElo "1930"]
[PlyCount "79"]
[EventDate "2015.01.18"]
[EventType "swiss"]
[EventRounds "9"]
[EventCountry "RUS"]
[SourceTitle "CBM 164 Extra"]
[Source "ChessBase"]
[SourceDate "2015.03.02"]
[SourceVersion "1"]
[SourceVersionDate "2015.03.02"]
[SourceQuality "1"]

1. e4 c5 2. Nf3 Nc6 3. Bb5 a6 4. Bxc6 dxc6 5. d3 Bg4 6. h3 Bh5 7. Be3 e6 8. a4 Qb6 9. g4 Bg6 10. Nbd2 Nf6 11. Ne5 Rd8 12. f4 Qc7 13. Qe2 Be7 14. a5 h6 15. Qf2 Nd7 16. Nxd7 Qxd7 17. Bxc5 0-0 18. Nc4 f6 19. b4 Bf7 20. Bxe7 Qxe7 21. Qc5 Qc7 22. Rf1 Kh8 23. e5 Bg8 24. 0-0-0 f5 25. Nd6 Bh7 26. g5 h5 27. Qb6 Qxb6 28. axb6 Rd7 29. c4 Ra8 30. Kb2 Kg8 31. Ra1 Kf8 32. b5 c5 33. bxa6 bxa6 34. Kc3 Ke7 35. Rfb1 Rxd6 36. exd6+ Kxd6 37. Rxa6 Rxa6 38. b7 Ra3+ 39. Kd2 Ra2+ 40. Ke3 1-0

[Event "Dvorkovich Memorial op"]
[Site "Taganrog"]
[Date "2015.01.18"]
[Round "1"]
[White "Zakharov, Alexander"]
[Black "Pushkov, Nikolai"]
[Result "0-1"]
[WhiteElo "2338"]
[BlackElo "2303"]
[PlyCount "74"]
[EventDate "2015.01.18"]
[EventType "swiss"]
[EventRounds "9"]
[EventCountry "RUS"]
[SourceTitle "CBM 164 Extra"]
[Source "ChessBase"]
[SourceDate "2015.03.02"]
[SourceVersion "1"]
[SourceVersionDate "2015.03.02"]
[SourceQuality "1"]

1. d4 d5 2. c4 e6 3. Nf3 Nf6 4. Nc3 Be7 5. Bg5 h6 6. Bh4 0-0 7. e3 Ne4 8. Bxe7 Qxe7 9. Qc2 Nxc3 10. Qxc3 dxc4 11. Bxc4 b6 12. Rc1 Bb7 13. Be2 Rc8 14. 0-0 c5 15. dxc5 Rxc5 16. Qa3 Nd7 17. Rfd1 a5 18. Rc4 Bd5 19. Rcd4 Nf6 20. Ne5 Qc7 21. Ng4 Nxg4 22. Bxg4 Rc4 23. Bf3 Rxd4 24. Rxd4 Rc8 25. h3 Qc1+ 26. Rd1 Qc2 27. Rd4 Qb1+ 28. Rd1 Rc1 29. Rxc1 Qxc1+ 30. Kh2 Bxf3 31. gxf3 Qf1 32. f4 Qxf2+ 33. Kh1 Qg3 34. Qb3 Qxh3+ 35. Kg1 Qg3+ 36. Kf1 Qf3+ 37. Ke1 Qc6 0-1

[Event "Sochi Tseshkovsky Memorial op"]
[Site "Sochi"]
[Date "2014.09.25"]
[Round "9"]
[White "Bykova, Anastasia"]
[Black "Zakharov, Alexander"]
[Result "1/2-1/2"]
[WhiteElo "2112"]
[BlackElo "2352"]
[PlyCount "101"]
[EventDate "2014.09.17"]
[EventType "swiss"]
[EventRounds "9"]
[EventCountry "RUS"]
[SourceTitle "CBM 162 Extra"]
[Source "ChessBase"]
[SourceDate "2014.10.17"]
[SourceVersion "1"]
[SourceVersionDate "2014.10.17"]
[SourceQuality "1"]

1. d4 g6 2. e4 Bg7 3. c3 d6 4. Nf3 Nf6 5. Bd3 0-0 6. h3 c5 7. 0-0 Nc6 8. dxc5 dxc5 9. Qe2 Qc7 10. Rd1 a6 11. Nbd2 Nh5 12. Nf1 b5 13. Bc2 b4 14. cxb4 Nxb4 15. Bb3 a5 16. a3 Nc6 17. Qc2 Rb8 18. Ne3 Qb7 19. Bd5 e6 20. Ba2 Nd4 21. Nxd4 cxd4 22. Ng4 Bd7 23. e5 Bc6 24. f3 Rfd8 25. Bg5 Rdc8 26. Qf2 Qxb2 27. Qxd4 Ng3 28. Bc4 Qxd4+ 29. Rxd4 Nf5 30. Rd2 h6 31. Bf6 Bf8 32. Ba6 Bb7 33. Bxb7 Rxb7 34. Kh2 h5 35. Nf2 Bh6 36. Rd3 Bf4+ 37. Kg1 Rbc7 38. Rad1 Ne3 39. Rd8+ Kh7 40. Rxc8 Rxc8 41. Rb1 Nd5 42. Nd3 Be3+ 43. Kf1 Rc3 44. Nf2 Rxa3 45. Ne4 Bb6 46. Rc1 Ne3+ 47. Ke2 Ra2+ 48. Kd3 Nxg2 49. Ng5+ Kh6 50. Nxf7+ Kh7 51. Ng5+ 1/2-1/2

[Event "Sochi Tseshkovsky Memorial op"]
[Site "Sochi"]
[Date "2014.09.20"]
[Round "4"]
[White "Zakharov, Alexander"]
[Black "Kiriushin, Vladimir"]
[Result "1-0"]
[WhiteElo "2352"]
[BlackElo "2080"]
[PlyCount "113"]
[EventDate "2014.09.17"]
[EventType "swiss"]
[EventRounds "9"]
[EventCountry "RUS"]
[SourceTitle "CBM 162 Extra"]
[Source "ChessBase"]
[SourceDate "2014.10.17"]
[SourceVersion "1"]
[SourceVersionDate "2014.10.17"]
[SourceQuality "1"]

1. e4 c6 2. d4 d5 3. e5 c5 4. dxc5 Nc6 5. Bb5 Qa5+ 6. Nc3 e6 7. Be3 Nge7 8. Nf3 a6 9. Bd3 Ng6 10. Bxg6 hxg6 11. Qd2 Bxc5 12. Bxc5 Qxc5 13. 0-0-0 b5 14. Rhe1 Ra7 15. h3 Rc7 16. Kb1 Qb6 17. Qe3 Qxe3 18. Rxe3 Rh5 19. Ne2 Bb7 20. a3 Rc8 21. b3 Ke7 22. Kb2 Rhh8 23. Ned4 Nxd4 24. Rxd4 Bc6 25. Rg4 Rh5 26. Rc3 Bd7 27. Rxc8 Bxc8 28. Kc3 Bd7 29. Kd4 Rh8 30. Rh4 Rc8 31. c3 a5 32. Rh7 Rb8 33. Rxg7 Rh8 34. Ng5 Be8 35. Rh7 Rf8 36. Rh4 Bd7 37. Rf4 a4 38. b4 Be8 39. h4 Rh8 40. g3 Rh5 41. Kc5 Rh8 42. Kb6 Rh5 43. Nf3 Bd7 44. Kc7 Be8 45. Ng5 Rh8 46. Rf3 Rh5 47. Re3 Rh8 48. f4 Bd7 49. Kb6 Rc8 50. g4 Rh8 51. Rh3 f6 52. exf6+ Kxf6 53. Nf3 Be8 54. Nd4 e5 55. g5+ Ke7 56. fxe5 Bd7 57. e6 1-0

[Event "Sochi Tseshkovsky Memorial op"]
[Site "Sochi"]
[Date "2014.09.18"]
[Round "2"]
[White "Zakharov, Alexander"]
[Black "Volkov, Sergey"]
[Result "0-1"]
[WhiteElo "2352"]
[BlackElo "2583"]
[PlyCount "86"]
[EventDate "2014.09.17"]
[EventType "swiss"]
[EventRounds "9"]
[EventCountry "RUS"]
[SourceTitle "CBM 162 Extra"]
[Source "ChessBase"]
[SourceDate "2014.10.17"]
[SourceVersion "1"]
[SourceVersionDate "2014.10.17"]
[SourceQuality "1"]

1. d4 d5 2. c4 c6 3. Nc3 Nf6 4. Nf3 a6 5. c5 Nbd7 6. g3 g6 7. Bg2 Bg7 8. 0-0 0-0 9. Qc2 Ne8 10. e4 dxe4 11. Qxe4 Ndf6 12. Qh4 Bg4 13. Re1 Bxf3 14. Bxf3 Qd7 15. Bg5 Nc7 16. Rad1 Rfe8 17. Bg2 Ncd5 18. Bh6 Rad8 19. Nxd5 Nxd5 20. Bxg7 Kxg7 21. Bxd5 Qxd5 22. Rd2 Qc4 23. Qf4 e5 24. Rxe5 Qc1+ 25. Kg2 Qxd2 26. Qxd2 Rxe5 27. Qb4 Re7 28. Kf3 h5 29. h3 Rd5 30. g4 h4 31. a4 f6 32. Qc3 f5 33. gxf5 Rxf5+ 34. Kg2 Re2 35. d5+ Kf7 36. Qd4 Rexf2+ 37. Qxf2 Rxf2+ 38. Kxf2 cxd5 39. b4 Ke6 40. Ke3 g5 41. b5 a5 42. Kf3 d4 43. Ke4 g4 0-1

[Event "Sibiria Region-ch"]
[Site "Russia"]
[Date "2007.03.22"]
[Round "5"]
[White "Zakharov, Alexander"]
[Black "Iskulov, Viktor"]
[Result "0-1"]
[WhiteElo "2022"]
[BlackElo "2120"]
[PlyCount "64"]
[EventDate "2007.03.18"]
[EventType "swiss"]
[EventRounds "9"]
[EventCountry "RUS"]
[SourceTitle "EXT 2008"]
[Source "ChessBase"]
[SourceDate "2007.11.25"]
[SourceVersion "1"]
[SourceVersionDate "2007.11.25"]
[SourceQuality "1"]

1. c4 e5 2. Nc3 Nc6 3. Nf3 Nf6 4. e3 d5 5. cxd5 Nxd5 6. Qb3 Nxc3 7. bxc3 Bd6 8. Be2 e4 9. Nd4 Nxd4 10. cxd4 0-0 11. 0-0 Qh4 12. g3 Qh3 13. Qc2 f5 14. Re1 Rf6 15. Bf1 Qg4 16. Bg2 Rh6 17. d3 Qh5 18. dxe4 Qxh2+ 19. Kf1 fxe4 20. Qxe4 Bd7 21. Qxb7 Rf8 22. Ke2 Bg4+ 23. Kd3 Rxf2 24. Bd5+ Kh8 25. Rb1 Rhf6 26. Qa8+ Bf8 27. Rb8 h5 28. Ba3 Bf5+ 29. Kc4 Rc2+ 30. Kb5 Bd7+ 31. Ka5 Qd2+ 32. Bb4 Rxa2+ 0-1

[Event "Sibiria Region-ch"]
[Site "Russia"]
[Date "2007.03.21"]
[Round "4"]
[White "Gubin, Andrey"]
[Black "Zakharov, Alexander"]
[Result "0-1"]
[WhiteElo "2277"]
[BlackElo "2022"]
[PlyCount "62"]
[EventDate "2007.03.18"]
[EventType "swiss"]
[EventRounds "9"]
[EventCountry "RUS"]
[SourceTitle "EXT 2008"]
[Source "ChessBase"]
[SourceDate "2007.11.25"]
[SourceVersion "1"]
[SourceVersionDate "2007.11.25"]
[SourceQuality "1"]

1. e4 c5 2. c3 e6 3. d4 d5 4. e5 Nc6 5. Nf3 f6 6. Bd3 cxd4 7. cxd4 Bb4+ 8. Bd2 Bxd2+ 9. Qxd2 fxe5 10. dxe5 Nge7 11. 0-0 0-0 12. Nc3 Nf5 13. Rac1 Bd7 14. Ne2 Qe7 15. a3 Be8 16. Bxf5 Rxf5 17. Ned4 Nxd4 18. Nxd4 Rxe5 19. Rfe1 Rxe1+ 20. Rxe1 Bf7 21. Qf4 Qf6 22. Qd2 e5 23. Nf3 e4 24. Nd4 Rc8 25. Qb4 b6 26. Nb5 Rc2 27. Rf1 Rxb2 28. Qd6 Qxd6 29. Nxd6 Rc2 30. h3 Be6 31. Nb5 Bd7 0-1

[Event "Sibiria Region-ch"]
[Site "Russia"]
[Date "2007.03.19"]
[Round "2"]
[White "Lykov, Vasili"]
[Black "Zakharov, Alexander"]
[Result "1/2-1/2"]
[WhiteElo "2217"]
[BlackElo "2022"]
[PlyCount "119"]
[EventDate "2007.03.18"]
[EventType "swiss"]
[EventRounds "9"]
[EventCountry "RUS"]
[SourceTitle "EXT 2008"]
[Source "ChessBase"]
[SourceDate "2007.11.25"]
[SourceVersion "1"]
[SourceVersionDate "2007.11.25"]
[SourceQuality "1"]

1. e4 c5 2. c3 e6 3. d4 d5 4. e5 Nc6 5. Nf3 f6 6. Be2 fxe5 7. Nxe5 Nf6 8. 0-0 Bd6 9. f4 0-0 10. Be3 Qb6 11. b3 cxd4 12. Bxd4 Bc5 13. Nxc6 bxc6 14. b4 Bxd4+ 15. Qxd4 Ne4 16. Qxb6 axb6 17. a4 Ba6 18. b5 Bxb5 19. axb5 Rxa1 20. bxc6 Rc8 21. Bb5 Nd6 22. Bd3 Rxc6 23. Kf2 Ne4+ 24. Bxe4 dxe4 25. Rd1 Ra2+ 26. Ke3 Rxg2 27. Kxe4 Re2+ 28. Kf3 Rxh2 29. Kg3 Rb2 30. Kg4 Kf7 31. Rd7+ Kf6 32. Nd2 Rxd2 33. Rxd2 e5 34. fxe5+ Kxe5 35. Re2+ Kf6 36. Rf2+ Kg6 37. Rf3 h5+ 38. Kh4 Kh6 39. Rd3 g5+ 40. Kh3 h4 41. Kg4 Rc4+ 42. Kh3 Kh5 43. Re3 b5 44. Rd3 b4 45. cxb4 Rxb4 46. Rc3 g4+ 47. Kh2 Rb2+ 48. Kg1 h3 49. Ra3 Kh4 50. Ra1 Rb3 51. Kh2 Re3 52. Rb1 Re2+ 53. Kg1 Kg3 54. Rb3+ Kf4 55. Rb4+ Kf3 56. Rb3+ Re3 57. Rb1 Kg3 58. Ra1 h2+ 59. Kh1 Kh3 60. Ra3 1/2-1/2

[Event "Ubeda op 5th"]
[Site "Ubeda"]
[Date "2000.01.23"]
[Round "5"]
[White "Zakharov, Alexander"]
[Black "Halkias, Stelios"]
[Result "1-0"]
[WhiteElo "2426"]
[BlackElo "2482"]
[PlyCount "115"]
[EventDate "2000.01.19"]
[EventType "swiss"]
[EventRounds "10"]
[EventCountry "ESP"]
[SourceTitle "CBM 075"]
[Source "ChessBase"]
[SourceDate "2000.04.05"]
[SourceVersion "1"]
[SourceVersionDate "2000.04.05"]
[SourceQuality "1"]

1. d4 Nf6 2. c4 c5 3. Nf3 cxd4 4. Nxd4 e5 5. Nb5 d5 6. cxd5 Bc5 7. e3 0-0 8. N5c3 e4 9. Be2 Qe7 10. a3 Rd8 11. b4 Bd6 12. Bb2 Be5 13. Qb3 Nbd7 14. Nd2 Nb6 15. Rd1 Bd7 16. f4 exf3 17. Nxf3 Bd6 18. Bc1 Ng4 19. Rd4 f5 20. Nb5 Bxb5 21. Bxb5 Qc7 22. Bd2 a6 23. Bd3 Kh8 24. Bxf5 Bg3+ 25. Ke2 Nh6 26. Be6 Bd6 27. e4 Bf4 28. Rc1 Qd6 29. Bxf4 Qxf4 30. e5 Qf8 31. Rc7 Nf5 32. Rf4 g6 33. Ng5 Nd7 34. Bxd7 Qe7 35. Ne6 Rxd7 36. d6 Qf7 37. Rxd7 Qxd7 38. g4 Qb5+ 39. Qc4 Qxe5+ 40. Qe4 Qb2+ 41. Kf3 Nxd6 42. Qd4+ Qxd4 43. Rxd4 Nb5 44. Rd7 Nxa3 45. Rxb7 Nc2 46. Ng5 h6 47. Rh7+ Kg8 48. Rxh6 Rf8+ 49. Ke4 Nxb4 50. Rxg6+ Kh8 51. Rb6 a5 52. Rb7 Re8+ 53. Kf5 Nd5 54. Kg6 Ne7+ 55. Kf7 Nc8 56. Rd7 Rg8 57. Kf6 Rf8+ 58. Kg6 1-0

[Event "Ubeda op 5th"]
[Site "Ubeda"]
[Date "2000.01.22"]
[Round "4"]
[White "Grischuk, Alexander"]
[Black "Zakharov, Alexander"]
[Result "1-0"]
[WhiteElo "2549"]
[BlackElo "2426"]
[PlyCount "71"]
[EventDate "2000.01.19"]
[EventType "swiss"]
[EventRounds "10"]
[EventCountry "ESP"]
[SourceTitle "CBM 075"]
[Source "ChessBase"]
[SourceDate "2000.04.05"]
[SourceVersion "1"]
[SourceVersionDate "2000.04.05"]
[SourceQuality "1"]

1. e4 e5 2. Nf3 Nc6 3. Bb5 a6 4. Ba4 Nf6 5. 0-0 Be7 6. Re1 b5 7. Bb3 0-0 8. c3 d6 9. h3 Na5 10. Bc2 c5 11. d4 Qc7 12. Nbd2 cxd4 13. cxd4 Bd7 14. Nf1 Rfc8 15. Ne3 Nc6 16. Bb3 a5 17. dxe5 Nxe5 18. Nd4 a4 19. Nd5 Nxd5 20. Bxd5 Rab8 21. Bf4 Bf6 22. Qh5 g6 23. Qe2 Nc4 24. Rad1 Be5 25. Bh6 Qa7 26. Nf3 Bxb2 27. e5 Re8 28. Ng5 Rxe5 29. Bxf7+ Kh8 30. Qf3 Rf5 31. Qg3 Bc6 32. Bxc4 bxc4 33. Rxd6 Re8 34. Rxe8+ Bxe8 35. Re6 Bb5 36. Kh2 1-0